00883cam a22002413 450000100060000000300080000600500170001400800370003103500190006804000270008704100080011408200260012210000540014824500880020225000210029026000390031130000450035050400300039565000610042594200120048699900170049895201260051523749BD-RjUL20211209000952.0140311t1966mauabc b 000 0 eng  a(BD-RjUL)23814 aDLCcDLCdBD-RjULbeng aeng0 a940.544942bTEW 19661 aTedder, Arthur William Tedder,d1890-1967.97313210aWith prejudice :bthe war memoirs of Marshal of the Royal Air Force /cLord Tedder. a1st American ed. aBoston :bLittle, Brown ;c c1966. a692 p. :billus., maps, ports. ;c22 cm. aBibliography: p. 691-692. 0aWorld War, 1939-1945xAerial operations, British.967382 2ddccBK c23749d23749 00102ddc40728NFICaRUCLbRUCLcReadingd2014-03-11l0o940.544942 TEW 1966r2014-03-11 00:00:00tC-1w2014-03-11yBK